000 00698nam a2200217Ia 4500
003 GCL
008 140319s9999 xx 000 0 ara d
020 _a5509215977
040 _aGCL /
_cGCL
082 0 4 _a135.3
_bس ف
100 1 _aسمير يحيى الجمال
245 1 0 _aفسر رؤياك واحلامك بنفسك /
_cسمير يحيى الجمال
250 _aالاولى
260 _aالقاهرة :
_bدار غريب للطباعة والنشر والتوزيع ،
_c2001
300 _a243ص ؛
_c24سم
650 0 4 _aالرؤيا
650 0 4 _aالاحلام - تفسير
650 0 4 _aالاحلام - معانى
650 0 4 _aتفسير الرؤى
942 _2ddc
_cBK
999 _c35546
_d35546